Основные начала мусульманского права, согласно учению имамов Абу Ханифы и Шафии (Запись № 13423801)

Подробности
000 -МАРКЕР
контрольное поле 02056nam0a22004451 4500
001 - ИДЕНТИФИКАТОР ЗАПИСИ
контрольное поле RU\NLR\CVI\004687316
005 - ИДЕНТИФИКАТОР ВЕРСИИ
контрольное поле 20250604174939.4
035 ## - ДРУГИЕ СИСТЕМНЫЕ НОМЕРА
Идентификатор записи (NLR Aleph) 004687316
035 ## - ДРУГИЕ СИСТЕМНЫЕ НОМЕРА
Идентификатор записи v19\rc\1497344
100 ## - ДАННЫЕ ОБЩЕЙ ОБРАБОТКИ
Данные общей обработки 20060620d1882 |||y0rusy50 ca
101 1# - ЯЗЫК РЕСУРСА
Язык текста, звукозаписи и т.д. русский
Язык оригинала немецкий
102 ## - СТРАНА ПУБЛИКАЦИИ ИЛИ ПРОИЗВОДСТВА
Страна публикации Российская Федерация
105 ## - ПОЛЕ КОДИРОВАННЫХ ДАННЫХ: ТЕКСТОВЫЕ МАТЕРИАЛЫ, МОНОГРАФИЧЕСКИЕ
Кодированные данные о монографическом текстовом документе y z |||||
200 1# - ЗАГЛАВИЕ И СВЕДЕНИЯ ОБ ОТВЕТСТВЕННОСТИ
Основное заглавие Основные начала мусульманского права, согласно учению имамов Абу Ханифы и Шафии
Первые сведения об ответственности [Соч.] Л.В.С. фан-ден-Берга
Последующие сведения об ответственности Пер. со 2-го просм. изд. проф. В. Гиргас
210 ## - ПУБЛИКАЦИЯ, РАСПРОСТРАНЕНИЕ И ДР.
Место издания, распространения и т.д. Санкт-Петербург
Имя издателя, распространителя и т. д. тип. Г. Шахт и К°
Дата издания, распространения и т.д. 1882
215 ## - ФИЗИЧЕСКАЯ ХАРАКТЕРИСТИКА
Специфическое обозначение материала и объем XVI, 214 с.
Размеры 22
300 ## - ОБЩИЕ ПРИМЕЧАНИЯ
Текст примечания В предисл. загл. оригинала: "De beginselen van het mohammedansche recht volgens de imam's Aboe Hanifat en Sjâféî door mr. L. W. C. van den Berg"
454 #0 - ОРИГИНАЛ (ПЕРЕВОДА)
Встроенное поле 2001#$aDe beginselen van het mohammedansche recht volgens de imam's Aboe Hanifat en Sjâféî door mr. L. W. C. van den Berg
700 #1 - ИМЯ ЛИЦА - ПЕРВИЧНАЯ ОТВЕТСТВЕННОСТЬ
Связь между полями z01790
Начальный элемент ввода Берг
Часть имени, кроме начального элемента ввода Л. В. Х. ван ден
Даты 1845-1927
Расширение инициалов личного имени Людвиг Вильгельм Христиан ван ден
702 #0 - ИМЯ ЛИЦА - ВТОРИЧНАЯ ОТВЕТСТВЕННОСТЬ
Начальный элемент ввода Шафия
Код отношения Прочие
702 #0 - ИМЯ ЛИЦА - ВТОРИЧНАЯ ОТВЕТСТВЕННОСТЬ
Начальный элемент ввода Абу Ханифа
Дополнения к именам, кроме дат имам
Даты 699-767
Идентификатор авторитетной/нормативной записи RU\NLR\AUTH\7780600
Код отношения Прочие
702 #1 - ИМЯ ЛИЦА - ВТОРИЧНАЯ ОТВЕТСТВЕННОСТЬ
Начальный элемент ввода Гиргас
Часть имени, кроме начального элемента ввода В. Ф.
Даты 1835-1887
Расширение инициалов личного имени Владимир Федорович
Идентификатор авторитетной/нормативной записи RU\NLR\AUTH\770273943
Код отношения Переводчик
790 #1 - ИМЯ ЛИЦА - АЛЬТЕРНАТИВНАЯ ФОРМА
Связь между полями z01700
Начальный элемент ввода Берг
Часть имени, кроме начального элемента ввода Л. В. Х. ван ден
Даты 1845-1927
Расширение инициалов личного имени Лудвиг Вильгельм Христиан ван ден
790 #1 - ИМЯ ЛИЦА - АЛЬТЕРНАТИВНАЯ ФОРМА
Связь между полями z01700
Начальный элемент ввода Берг
Часть имени, кроме начального элемента ввода Л. В. С. фан ден
Даты 1845-1927
801 #0 - ИСТОЧНИК ЗАПИСИ
Страна Российская Федерация
Организация NLR
Правила каталогизации psbo
801 #0 - ИСТОЧНИК ЗАПИСИ
Страна Российская Федерация
Организация RuMoRGB
Источник данных psbo
801 #1 - ИСТОЧНИК ЗАПИСИ
Страна Российская Федерация
Организация ProSoft-M
Источник данных rusmarc
852 ## - МЕСТОНАХОЖДЕНИЕ И ШИФР ХРАНЕНИЯ
Идентификатор организации NLR
Шифр хранения (Call Number) КрI-6403
852 ## - МЕСТОНАХОЖДЕНИЕ И ШИФР ХРАНЕНИЯ
Идентификатор организации NLR
Шифр хранения (Call Number) 18.135.3.18
852 ## - МЕСТОНАХОЖДЕНИЕ И ШИФР ХРАНЕНИЯ
Идентификатор организации NLR
Шифр хранения (Call Number) 131/1726
852 ## - МЕСТОНАХОЖДЕНИЕ И ШИФР ХРАНЕНИЯ
Идентификатор организации NLR
Наименование фонда или коллекции (Sub-Location Identifier) Мф
Шифр хранения (Call Number) К1/23718
899 ## - ДАННЫЕ О МЕСТОНАХОЖДЕНИИ (устаревшее)
Местонахождение RuMoRGB
Шифр хранения T 26/43
899 ## - ДАННЫЕ О МЕСТОНАХОЖДЕНИИ (устаревшее)
Местонахождение RuMoRGB
Шифр хранения Ф 1-52/5664
899 ## - ДАННЫЕ О МЕСТОНАХОЖДЕНИИ (устаревшее)
Местонахождение НБ СПбГУ
899 ## - ДАННЫЕ О МЕСТОНАХОЖДЕНИИ (устаревшее)
Местонахождение НБ МГУ
942 ## - ДОПОЛНИТЕЛЬНЫЕ ЭЛЕМЕНТЫ ЗАПИСИ (АБИС)
Тип экземпляра АБИС Книга
980 ## - КОЛЛЕКЦИЯ
Название коллекции Национальная библиография
980 ## - КОЛЛЕКЦИЯ
Название коллекции Крачковский

Нет доступных экземпляров.